[Event "GER-ch U18 Girls"]
[Site "Willingen"]
[Date "2023.05.30"]
[Round "4"]
[White "Foltin, Alica"]
[Black "Zoellner, Bente"]
[Result "0-1"]
[WhiteElo "1540"]
[BlackElo "1700"]
[PlyCount "54"]
[EventDate "2023.05.27"]
[EventType "swiss"]
[EventRounds "9"]
[EventCountry "GER"]
[SourceTitle "CBM 214 Extra"]
[Source "ChessBase"]
[SourceDate "2023.07.31"]
[SourceVersion "1"]
[SourceVersionDate "2023.07.31"]
[SourceQuality "1"]

1. e4 c5 2. Nf3 Nc6 3. d3 Nf6 4. g3 g6 5. Bg2 Bg7 6. 0-0 0-0 7. c3 d6 8. Re1 Rb8 9. h3 b5 10. d4 b4 11. Bf4 bxc3 12. bxc3 Qa5 13. e5 Nh5 14. Bd2 f5 15. Nh2 Qb6 16. Qc1 dxe5 17. dxe5 Nxe5 18. Qc2 Qd6 19. Bg5 Bf6 20. Rd1 Qc7 21. Be3 Bb7 22. Bd5+ Bxd5 23. Rxd5 Nd7 24. Nd2 e6 25. Rd3 Ne5 26. Bh6 Nxd3 27. Bxf8 Nxf2 0-1

[Event "GER-ch U18 Girls"]
[Site "Willingen"]
[Date "2023.05.28"]
[Round "1"]
[White "Peglau, Mirjam"]
[Black "Zoellner, Bente"]
[Result "1-0"]
[WhiteElo "1932"]
[BlackElo "1700"]
[PlyCount "141"]
[EventDate "2023.05.27"]
[EventType "swiss"]
[EventRounds "9"]
[EventCountry "GER"]
[SourceTitle "CBM 214 Extra"]
[Source "ChessBase"]
[SourceDate "2023.07.31"]
[SourceVersion "1"]
[SourceVersionDate "2023.07.31"]
[SourceQuality "1"]

1. b3 c5 2. Bb2 Nc6 3. c4 Nf6 4. Nf3 g6 5. Nc3 Bg7 6. Ne4 d6 7. g3 0-0 8. Nxf6+ exf6 9. Bg2 Rb8 10. 0-0 Be6 11. Qc1 Ne5 12. d4 Nxf3+ 13. Bxf3 b5 14. cxb5 Rxb5 15. dxc5 dxc5 16. e3 Bh3 17. Rd1 Qc7 18. Qd2 Rc8 19. Rac1 f5 20. Bxg7 Kxg7 21. Qc3+ Kg8 22. Qf6 Bg4 23. Bxg4 fxg4 24. Qg5 h5 25. Rd5 Qa5 26. Rc2 a6 27. Qf6 c4 28. Rd6 Rd5 29. Rxd5 Qxd5 30. Qa1 Rc6 31. Qc1 Qa5 32. Rxc4 Rxc4 33. bxc4 Qxa2 34. c5 Qa5 35. c6 Qc7 36. Qc4 Kf8 37. Qxa6 Ke7 38. Qa3+ Qd6 39. Qa7+ Ke6 40. Qa2+ Ke7 41. Qa4 Qd3 42. Qd4 Qf5 43. e4 Qc8 44. Qc5+ Ke6 45. Qd5+ Ke7 46. e5 Qd8 47. Qb3 Qc7 48. Qc3 Ke6 49. Qc4+ Ke7 50. Qd5 Qd8 51. Qb3 Qc7 52. Qb5 Kd8 53. Qc5 Ke8 54. Qd6 Qd8 55. c7 Qd7 56. Kg2 g5 57. Qc5 Qc8 58. Qc6+ Ke7 59. Kf1 h4 60. Ke2 h3 61. Ke3 Kf8 62. Ke4 Ke7 63. Ke3 Kf8 64. Kd4 Ke7 65. Kc5 Kf8 66. Qd6+ Ke8 67. Qc6+ Kf8 68. Kd5 Ke7 69. Ke4 Kf8 70. Qd6+ Ke8 71. Qd8+ 1-0

[Event "GER-ch U18 Girls"]
[Site "Willingen"]
[Date "2023.05.28"]
[Round "2"]
[White "Zoellner, Bente"]
[Black "Kieckbusch, Lotta"]
[Result "1-0"]
[WhiteElo "1700"]
[BlackElo "1308"]
[PlyCount "75"]
[EventDate "2023.05.27"]
[EventType "swiss"]
[EventRounds "9"]
[EventCountry "GER"]
[SourceTitle "CBM 214 Extra"]
[Source "ChessBase"]
[SourceDate "2023.07.31"]
[SourceVersion "1"]
[SourceVersionDate "2023.07.31"]
[SourceQuality "1"]

1. d4 d5 2. c4 e6 3. Nc3 f5 4. g3 Nf6 5. Bg2 Be7 6. Nh3 0-0 7. Nf4 c6 8. 0-0 Kh8 9. b3 Ne4 10. Qc2 g5 11. Nd3 Nd7 12. a4 b6 13. Ba3 Nd6 14. Nb1 Bb7 15. Nd2 Ne4 16. Bxe7 Qxe7 17. Nf3 c5 18. Nde5 Nxe5 19. Nxe5 cxd4 20. Qd3 dxc4 21. Qxd4 Qg7 22. bxc4 Rad8 23. Nf7+ Rxf7 24. Qxd8+ Rf8 25. Qd3 Qe7 26. Rfd1 Nc5 27. Qd6 Qf7 28. Qe5+ Kg8 29. Ra2 Ba6 30. Qc3 f4 31. a5 Qf5 32. axb6 axb6 33. Rad2 Ne4 34. Bxe4 Qxe4 35. Rd8 Bxc4 36. Rxf8+ Kxf8 37. Qf6+ Ke8 38. Rd8# 1-0

[Event "GER-chT Lands U20"]
[Site "Wiesbaden"]
[Date "2022.10.04"]
[Round "7.3"]
[White "Guo, Philipp Ziming"]
[Black "Zoellner, Bente"]
[Result "1-0"]
[WhiteElo "1851"]
[BlackElo "1756"]
[PlyCount "115"]
[EventDate "2022.09.30"]
[EventType "team-swiss"]
[EventRounds "7"]
[EventCountry "GER"]
[SourceTitle "CBM 210 Extra"]
[Source "ChessBase"]
[SourceDate "2022.11.30"]
[SourceVersion "1"]
[SourceVersionDate "2022.11.30"]
[SourceQuality "1"]
[WhiteTeam "Schleswig Holstein U20"]
[BlackTeam "Niedersachsen U20"]
[WhiteTeamCountry "GER"]
[BlackTeamCountry "GER"]

1. e4 c5 2. Nf3 Nc6 3. d4 cxd4 4. Nxd4 Nf6 5. Nc3 e5 6. Ndb5 d6 7. Bg5 a6 8. Na3 b5 9. Nd5 Be7 10. Bxf6 Bxf6 11. c4 b4 12. Nc2 0-0 13. Be2 Bg5 14. 0-0 a5 15. Qd3 f5 16. Bf3 Be6 17. exf5 Bxf5 18. Be4 g6 19. Rad1 Kg7 20. Nde3 Bxe3 21. fxe3 Bxe4 22. Qxe4 Rxf1+ 23. Rxf1 Qd7 24. Qf3 Re8 25. Qd5 e4 26. Rd1 Re6 27. Nd4 Nxd4 28. Qxd4+ Kf7 29. Qh8 Rf6 30. Qxh7+ Ke6 31. Qxd7+ Kxd7 32. Rd5 a4 33. Ra5 b3 34. Rxa4 bxa2 35. Rxa2 Rf8 36. b4 Rc8 37. Rc2 Kc6 38. Rd2 Rb8 39. b5+ Kc5 40. Rd4 Re8 41. Kf2 d5 42. cxd5 Kxb5 43. d6 Rd8 44. d7 Kc6 45. Kg3 Kc7 46. Kg4 g5 47. g3 Kc6 48. Kxg5 Kc7 49. h4 Rg8+ 50. Kf4 Kd8 51. g4 Rg7 52. g5 Rh7 53. Kg4 Rf7 54. h5 Rf1 55. h6 Rh1 56. Kf5 Rh3 57. Kxe4 Rg3 58. h7 1-0

[Event "GER-chT Lands U20"]
[Site "Wiesbaden"]
[Date "2022.10.03"]
[Round "6.3"]
[White "Keymer, Cecilia"]
[Black "Zoellner, Bente"]
[Result "0-1"]
[WhiteElo "1696"]
[BlackElo "1756"]
[PlyCount "78"]
[EventDate "2022.09.30"]
[EventType "team-swiss"]
[EventRounds "7"]
[EventCountry "GER"]
[SourceTitle "CBM 210 Extra"]
[Source "ChessBase"]
[SourceDate "2022.11.30"]
[SourceVersion "1"]
[SourceVersionDate "2022.11.30"]
[SourceQuality "1"]
[WhiteTeam "Rheinland Pfalz U20"]
[BlackTeam "Niedersachsen U20"]
[WhiteTeamCountry "GER"]
[BlackTeamCountry "GER"]

1. d4 d5 2. c4 e6 3. Nc3 a6 4. cxd5 exd5 5. Nf3 c6 6. Qc2 Bd6 7. Bg5 Be7 8. Bf4 Bd6 9. Bxd6 Qxd6 10. e3 Ne7 11. Bd3 g6 12. 0-0 Bf5 13. e4 dxe4 14. Bxe4 Nd7 15. Rad1 Nf6 16. Bxf5 Nxf5 17. Rfe1+ Kf8 18. Qb3 Kg7 19. Ne5 Qc7 20. Qc4 Nd6 21. Qc5 Rac8 22. f3 b6 23. Qb4 a5 24. Qb3 b5 25. Rc1 Qa7 26. Ne2 c5 27. Qd3 Nf5 28. Red1 Rhd8 29. Qxb5 Rd5 30. Qd3 Rxe5 31. dxe5 c4+ 32. Kh1 cxd3 33. exf6+ Kxf6 34. Rxc8 dxe2 35. Re1 Qf2 36. Rcc1 Ne3 37. Rg1 h5 38. Rc6+ Kg7 39. Rcc1 Nf1 0-1

[Event "Reinstorf op"]
[Site "Reinstorf"]
[Date "2022.02.03"]
[Round "6"]
[White "Zoellner, Bente"]
[Black "Muedder, Melanie"]
[Result "0-1"]
[WhiteElo "1562"]
[BlackElo "1815"]
[PlyCount "72"]
[EventDate "2022.01.29"]
[EventType "swiss"]
[EventRounds "9"]
[EventCountry "GER"]
[SourceTitle "CBM 206 Extra"]
[Source "ChessBase"]
[SourceDate "2022.03.31"]
[SourceVersion "1"]
[SourceVersionDate "2022.03.31"]
[SourceQuality "1"]

1. d4 Nf6 2. Nf3 g6 3. c4 Bg7 4. Nc3 d5 5. Qb3 dxc4 6. Qxc4 0-0 7. Bf4 Na6 8. e4 c5 9. d5 b6 10. Qa4 Nh5 11. Be3 Nc7 12. Be2 Bd7 13. Qd1 Qe8 14. h3 Kh8 15. e5 f5 16. e6 Bb5 17. Ng5 Bxe2 18. Qxe2 f4 19. Bd2 Rf5 20. Nf7+ Kg8 21. Qf3 Nf6 22. Bxf4 Nfxd5 23. Nxd5 Nxd5 24. 0-0-0 Qb5 25. Rd2 Qc4+ 26. Kb1 Qxf4 27. Qe2 Qb4 28. Kc1 Rf8 29. Rhd1 Nf4 30. Qe3 Qc4+ 31. Rc2 Qxe6 32. Nd8 Qxe3+ 33. fxe3 Rd5 34. exf4 Rfxd8 35. Re1 e5 36. fxe5 Bh6+ 0-1

[Event "Reinstorf op"]
[Site "Reinstorf"]
[Date "2022.01.29"]
[Round "1"]
[White "Koellner, Christof"]
[Black "Zoellner, Bente"]
[Result "1-0"]
[WhiteElo "2111"]
[BlackElo "1562"]
[PlyCount "51"]
[EventDate "2022.01.29"]
[EventType "swiss"]
[EventRounds "9"]
[EventCountry "GER"]
[SourceTitle "CBM 206 Extra"]
[Source "ChessBase"]
[SourceDate "2022.03.31"]
[SourceVersion "1"]
[SourceVersionDate "2022.03.31"]
[SourceQuality "1"]

1. d4 Nf6 2. Bg5 g6 3. Bxf6 exf6 4. c4 c5 5. e3 cxd4 6. exd4 Bb4+ 7. Nc3 0-0 8. Qd2 Re8+ 9. Nge2 Nc6 10. 0-0-0 Ne7 11. d5 Nf5 12. Kb1 Qb6 13. g4 Nd6 14. Qf4 Kg7 15. h4 Ba3 16. Rd2 Bc5 17. Ng3 Bb4 18. Rd3 Re1+ 19. Kc2 Qa6 20. h5 g5 21. h6+ Kf8 22. Qxf6 Nxc4 23. Qg7+ Ke8 24. Qg8+ Bf8 25. Rf3 f6 26. Bxc4 1-0

[Event "GER-chT Federal Cup (Women)"]
[Site "Braunfels"]
[Date "2021.10.23"]
[Round "4.32"]
[White "Zoellner, Bente"]
[Black "Kanno, Clara Yumi"]
[Result "1-0"]
[WhiteElo "1596"]
[BlackElo "1085"]
[PlyCount "97"]
[EventDate "2021.10.19"]
[EventType "team-tourn"]
[EventRounds "5"]
[EventCountry "GER"]
[SourceTitle "CBM 204 Extra"]
[Source "ChessBase"]
[SourceDate "2021.11.30"]
[SourceVersion "1"]
[SourceVersionDate "2021.11.30"]
[SourceQuality "1"]

1. d4 d5 2. c4 e6 3. Nf3 c5 4. cxd5 exd5 5. Nc3 Be6 6. Bg5 Nf6 7. e3 a6 8. Be2 Nc6 9. 0-0 Bd6 10. dxc5 Bxc5 11. Bxf6 gxf6 12. a3 Ke7 13. b4 Ba7 14. Nd4 Nxd4 15. exd4 Rg8 16. Bf3 Rc8 17. Rc1 Rc4 18. Qe2 Rxd4 19. Qe3 Bb6 20. Qe2 Kf8 21. Na4 Ba7 22. Nc5 Qe7 23. Rfe1 Bxc5 24. Rxc5 Qd6 25. Qe3 Rf4 26. Rd1 d4 27. Qd3 b6 28. Rc6 Qd8 29. Kf1 Bd5 30. Bxd5 Qxd5 31. Rc8+ Kg7 32. Qg3+ Kh6 33. Qxf4+ Rg5 34. Qh4+ Kg7 35. Qh3 Qe5 36. Rd3 Qe4 37. Qf3 Qe6 38. Rd8 Rf5 39. Qg4+ Kh6 40. Qh3+ Kg6 41. Rg3+ Rg5 42. Rxg5+ Kxg5 43. Qxe6 fxe6 44. Rxd4 Kf5 45. Rd6 e5 46. Rxb6 Kf4 47. Rxf6+ Ke4 48. Rxa6 h6 49. Rxh6 1-0

[Event "GER-chT Lands U20"]
[Site "Neumuenster"]
[Date "2021.10.02"]
[Round "1.3"]
[White "Polzin, Gustav"]
[Black "Zoellner, Bente"]
[Result "1-0"]
[WhiteElo "1536"]
[BlackElo "1596"]
[PlyCount "107"]
[EventDate "2021.10.01"]
[EventType "team-swiss"]
[EventRounds "7"]
[EventCountry "GER"]
[SourceTitle "CBM 204 Extra"]
[Source "ChessBase"]
[SourceDate "2021.11.30"]
[SourceVersion "1"]
[SourceVersionDate "2021.11.30"]
[SourceQuality "1"]
[WhiteTeam "Sachsen Anhalt"]
[BlackTeam "Niedersachsen"]
[WhiteTeamCountry "GER"]
[BlackTeamCountry "GER"]

1. e4 c5 2. Nf3 Nc6 3. d4 cxd4 4. Nxd4 Nf6 5. Nc3 e5 6. Ndb5 d6 7. Na3 h6 8. Nc4 Be6 9. Ne3 Nd4 10. Bd3 d5 11. exd5 Nxd5 12. Ncxd5 Bxd5 13. 0-0 Bc6 14. Nc4 Qd5 15. Qg4 h5 16. Qg3 0-0-0 17. Ne3 h4 18. Qh3+ Bd7 19. Nxd5 Bxh3 20. Nc3 Be6 21. Be3 h3 22. g3 Nf3+ 23. Kh1 Bb4 24. Be4 Bxc3 25. Bxf3 Bd4 26. Bxd4 Rxd4 27. Be2 Rd2 28. Bd3 Rd8 29. Kg1 f5 30. f3 g6 31. Rf2 Rxf2 32. Kxf2 Rd4 33. Re1 Rd5 34. Re2 Ra5 35. a3 Kd7 36. Rd2 Kc6 37. Bf1 e4 38. Bxh3 e3+ 39. Kxe3 f4+ 40. Kxf4 Bxh3 41. g4 Bf1 42. h4 Bc4 43. Rd8 Rb5 44. Rc8+ Kd5 45. b3 Bxb3 46. cxb3 Rxb3 47. h5 g5+ 48. Kxg5 Rxa3 49. h6 Rxf3 50. h7 Rh3 51. h8Q Rxh8 52. Rxh8 b5 53. Kf6 b4 54. g5 1-0

[Event "GER-ch U16 Girls"]
[Site "Willingen"]
[Date "2021.08.26"]
[Round "6"]
[White "Woerz, Ann Sophie"]
[Black "Zoellner, Bente"]
[Result "1/2-1/2"]
[WhiteElo "1563"]
[BlackElo "1620"]
[PlyCount "120"]
[EventDate "2021.08.22"]
[EventType "swiss"]
[EventRounds "9"]
[EventCountry "GER"]
[SourceTitle "EXT 2022"]
[Source "ChessBase"]
[SourceDate "2021.10.06"]
[SourceVersion "1"]
[SourceVersionDate "2021.10.06"]
[SourceQuality "1"]

1. c4 c5 2. g3 g6 3. Bg2 Bg7 4. Nc3 Nf6 5. e3 Nc6 6. Nge2 0-0 7. 0-0 d6 8. h3 Bd7 9. f4 Rb8 10. g4 a6 11. a4 Na5 12. d3 b5 13. axb5 axb5 14. cxb5 Bxb5 15. Nxb5 Rxb5 16. Qa4 Qb6 17. Nc3 Nb3 18. Nxb5 Nxa1 19. Nc3 Nb3 20. g5 Nh5 21. Nd5 Qb8 22. Nxe7+ Kh8 23. Kh2 Nxc1 24. Rxc1 Qxb2 25. Qc2 Rb8 26. h4 Bf8 27. Nd5 Ng7 28. Bh3 Rb3 29. Qxb2 Rxb2+ 30. Kg3 Nf5+ 31. Bxf5 gxf5 32. Rc3 Rd2 33. h5 h6 34. Rb3 Kh7 35. Rb7 Rxd3 36. Rxf7+ Kg8 37. Rxf5 c4 38. Kf3 c3 39. Nxc3 Rxc3 40. g6 Rc7 41. Rd5 Kg7 42. Ke4 Re7+ 43. Kf3 Re6 44. Rb5 Re7 45. Rd5 Rc7 46. Ke4 Rc4+ 47. Kf3 Rc5 48. Ke4 Kf6 49. Kd4 Rc1 50. e4 Rd1+ 51. Kc4 Rc1+ 52. Kd4 Ke6 53. Rf5 Bg7+ 54. Kd3 Rc3+ 55. Kd2 Rc7 56. Ke2 Bf6 57. Rb5 Rc2+ 58. Kf3 Rc3+ 59. Ke2 Rc2+ 60. Kf3 Rc3+ 1/2-1/2

[Event "GER-ch U16 Girls"]
[Site "Willingen"]
[Date "2021.08.23"]
[Round "1"]
[White "Heutling, Elina"]
[Black "Zoellner, Bente"]
[Result "1-0"]
[WhiteElo "1919"]
[BlackElo "1620"]
[PlyCount "79"]
[EventDate "2021.08.22"]
[EventType "swiss"]
[EventRounds "9"]
[EventCountry "GER"]
[SourceTitle "EXT 2022"]
[Source "ChessBase"]
[SourceDate "2021.10.06"]
[SourceVersion "1"]
[SourceVersionDate "2021.10.06"]
[SourceQuality "1"]

1. e4 c5 2. Nf3 Nc6 3. d4 cxd4 4. Nxd4 g6 5. c4 Nf6 6. Nc3 Bg7 7. Be3 0-0 8. Be2 d6 9. f3 a5 10. b3 Bd7 11. Qd2 Nxd4 12. Bxd4 Bc6 13. Rb1 Nd7 14. Be3 Nc5 15. 0-0 Qb6 16. Rfc1 Rfc8 17. Bf2 Qd8 18. Rd1 h5 19. Qc2 Qc7 20. a3 Kh7 21. Rb2 Be5 22. Ra2 Ne6 23. Bf1 Bd4 24. Bxd4 Nxd4 25. Rxd4 Qb6 26. Qf2 Kg7 27. Rb2 Qc7 28. Nd5 Bxd5 29. Rxd5 Qc6 30. Qd4+ f6 31. Rb5 Qc7 32. Qb6 Qxb6+ 33. Rxb6 Rc7 34. Rc2 Kf7 35. c5 dxc5 36. Bc4+ Ke8 37. Bd5 Ra7 38. Rb5 b6 39. Rxb6 Kd7 40. Be6+ 1-0

[Event "GER-chT U14 Girls"]
[Site "Willingen"]
[Date "2021.06.24"]
[Round "2.6"]
[White "Halas, Neele Zoe"]
[Black "Zoellner, Bente"]
[Result "0-1"]
[WhiteElo "1267"]
[BlackElo "1614"]
[PlyCount "50"]
[EventDate "2021.06.23"]
[EventType "team-swiss"]
[EventRounds "7"]
[EventCountry "GER"]
[SourceTitle "EXT 2022"]
[Source "ChessBase"]
[SourceDate "2021.10.06"]
[SourceVersion "1"]
[SourceVersionDate "2021.10.06"]
[SourceQuality "1"]
[WhiteTeam "Leipzig SG "]
[BlackTeam "Papenburg"]
[WhiteTeamCountry "GER"]
[BlackTeamCountry "GER"]

1. e4 c5 2. Nc3 Nc6 3. Bb5 Nf6 4. Bxc6 bxc6 5. f4 g6 6. Nf3 Bg7 7. d3 d6 8. 0-0 Rb8 9. Rb1 0-0 10. h3 d5 11. Re1 Ba6 12. e5 Nd7 13. d4 cxd4 14. Nxd4 Qc8 15. Kh1 Rd8 16. b3 c5 17. Nf3 Nb6 18. Ne2 Bh6 19. g3 Qxh3+ 20. Nh2 d4 21. Ng1 Bb7+ 22. Ngf3 Nd5 23. Bd2 Nc3 24. Bxc3 dxc3 25. Qe2 Rd2 0-1

[Event "GER-chT Christmas U20 Girls"]
[Site "Playchess.com INT"]
[Date "2020.12.29"]
[Round "1.2"]
[White "Roell, Lea"]
[Black "Zoellner, Bente"]
[Result "0-1"]
[WhiteElo "1079"]
[BlackElo "1614"]
[PlyCount "68"]
[EventDate "2020.12.29"]
[EventType "team-swiss (blitz)"]
[EventRounds "7"]
[EventCountry "GER"]
[SourceTitle "CBM 200 Extra"]
[Source "ChessBase"]
[SourceDate "2021.03.31"]
[SourceVersion "1"]
[SourceVersionDate "2021.03.31"]
[SourceQuality "1"]
[WhiteTeam "Vaterstetten Grasbrunn"]
[BlackTeam "Papenburg"]
[WhiteTeamCountry "GER"]
[BlackTeamCountry "GER"]

1. d4 Nf6 2. c4 c5 3. Nf3 cxd4 4. Nxd4 Nc6 5. Bg5 g6 6. Nc3 Bg7 7. e3 0-0 8. Bd3 d6 9. 0-0 Bd7 10. Qd2 Qa5 11. Rfd1 Qxg5 12. Ne4 Nxe4 13. Bxe4 Nxd4 14. exd4 Qxd2 15. Rxd2 Bc6 16. Bc2 b5 17. cxb5 Bxb5 18. Re1 e6 19. d5 Bxb2 20. dxe6 Bc3 21. exf7+ Kxf7 22. Bb3+ Kg7 23. Re7+ Kh6 24. Rd5 Bc6 25. Rd3 Bb4 26. h4 Bc5 27. Rd2 Rf6 28. g4 g5 29. hxg5+ Kxg5 30. Rg7+ Rg6 31. Rxg6+ hxg6 32. Be6 Rh8 33. Kf1 Bf3 34. Bd5 Rh1# 0-1

[Event "GER-chT Christmas U20 Girls"]
[Site "Playchess.com INT"]
[Date "2020.12.29"]
[Round "6.2"]
[White "Zoellner, Bente"]
[Black "Kalina, Lena"]
[Result "0-1"]
[WhiteElo "1614"]
[BlackElo "1585"]
[PlyCount "92"]
[EventDate "2020.12.29"]
[EventType "team-swiss (blitz)"]
[EventRounds "7"]
[EventCountry "GER"]
[SourceTitle "CBM 200 Extra"]
[Source "ChessBase"]
[SourceDate "2021.03.31"]
[SourceVersion "1"]
[SourceVersionDate "2021.03.31"]
[SourceQuality "1"]
[WhiteTeam "Papenburg"]
[BlackTeam "Landskrone"]
[WhiteTeamCountry "GER"]
[BlackTeamCountry "GER"]

1. d4 Nf6 2. Nf3 g6 3. c4 Bg7 4. Nc3 0-0 5. e4 d6 6. h3 Nbd7 7. Be3 e5 8. d5 Ne8 9. g4 a5 10. Bd3 b6 11. 0-0 Nc5 12. Bc2 f5 13. gxf5 gxf5 14. Kh2 fxe4 15. Nxe4 Nxe4 16. Bxe4 Nf6 17. Bc2 Qd7 18. Ng5 Qe7 19. Ne4 Nxe4 20. Bxe4 Qh4 21. Bg2 Rf6 22. Qd2 Rg6 23. f3 Bd7 24. Bf2 Qh5 25. h4 Bh6 26. Qd3 Bf4+ 27. Kh1 Bf5 28. Qe2 Kh8 29. Rg1 Rag8 30. Bf1 Rxg1+ 31. Bxg1 Qxh4+ 32. Bh2 Rg6 33. Rd1 Rh6 34. Rd2 Bxd2 35. Qxd2 Qh5 36. Qg2 Rg6 37. Qf2 Bh3 38. Bd3 Rf6 39. Be2 Qh6 40. Bd3 Qc1+ 41. Bg1 Rh6 42. Kh2 Bf5+ 43. Kg3 Qf4+ 44. Kg2 Rg6+ 45. Kf1 Bxd3+ 46. Ke1 Qc1# 0-1

[Event "GER-ch U14 Girls"]
[Site "Willingen"]
[Date "2020.10.23"]
[Round "6"]
[White "Zoellner, Bente"]
[Black "Buchholz, Maja Patricia"]
[Result "1/2-1/2"]
[WhiteElo "1630"]
[BlackElo "1628"]
[PlyCount "118"]
[EventDate "2020.10.19"]
[EventType "swiss"]
[EventRounds "7"]
[EventCountry "GER"]
[SourceTitle "EXT 2022"]
[Source "ChessBase"]
[SourceDate "2021.10.06"]
[SourceVersion "1"]
[SourceVersionDate "2021.10.06"]
[SourceQuality "1"]

1. d4 Nf6 2. Nf3 g6 3. c4 Bg7 4. Nc3 0-0 5. e4 d6 6. h3 c5 7. d5 b5 8. cxb5 a6 9. Bd3 Qa5 10. Bd2 Nbd7 11. 0-0 axb5 12. Nxb5 Qb6 13. a4 Ba6 14. Qe2 Rfb8 15. Bc3 Bh6 16. Bd2 Bg7 17. Bc3 Bh6 18. Nd2 Bxd2 19. Bxd2 Ne5 20. Bh6 Nxd3 21. Qxd3 Rb7 22. Qc4 Rab8 23. b4 Bxb5 24. axb5 cxb4 25. Qxb4 Qxb5 26. Qxb5 Rxb5 27. f3 Nd7 28. Ra7 R5b7 29. Rfa1 f6 30. Rxb7 Rxb7 31. Ra8+ Nb8 32. Be3 Kg7 33. Kf2 Nd7 34. f4 h6 35. Kf3 g5 36. g3 Nc5 37. Bxc5 dxc5 38. Rc8 Rb3+ 39. Kg4 h5+ 40. Kxh5 Rxg3 41. fxg5 Rxg5+ 42. Kh4 Re5 43. Rxc5 Rxe4+ 44. Kg3 Kf7 45. h4 Kg6 46. Rb5 Re3+ 47. Kf4 Re5 48. Rb7 Kh5 49. Rd7 Re1 50. Kf5 Kxh4 51. Rxe7 Rxe7 52. Kxf6 Re1 53. d6 Rd1 54. Ke7 Kg5 55. d7 Re1+ 56. Kf7 Rf1+ 57. Ke7 Re1+ 58. Kf7 Rd1 59. Ke7 Re1+ 1/2-1/2

[Event "GER-ch U14 Girls"]
[Site "Willingen"]
[Date "2020.10.23"]
[Round "5"]
[White "Zoellner, Bente"]
[Black "Schulz, Hannah"]
[Result "1-0"]
[WhiteElo "1630"]
[BlackElo "1589"]
[PlyCount "93"]
[EventDate "2020.10.19"]
[EventType "swiss"]
[EventRounds "7"]
[EventCountry "GER"]
[SourceTitle "EXT 2022"]
[Source "ChessBase"]
[SourceDate "2021.10.06"]
[SourceVersion "1"]
[SourceVersionDate "2021.10.06"]
[SourceQuality "1"]

1. d4 Nf6 2. Nf3 c5 3. d5 g6 4. Nc3 Bg7 5. e4 d6 6. h3 0-0 7. Be2 a6 8. a4 a5 9. 0-0 Nbd7 10. Bb5 Nb6 11. Qe2 Bd7 12. Bd2 Qc7 13. Rab1 Rfc8 14. Rfc1 Bxb5 15. Nxb5 Qd7 16. b3 Ne8 17. Qe1 Nc7 18. Nxc7 Qxc7 19. Bxa5 Ra6 20. Bc3 Bh6 21. Bd2 Bxd2 22. Qxd2 c4 23. Qh6 f6 24. Nd4 e5 25. dxe6 Qe7 26. f4 Ra5 27. f5 g5 28. Nb5 d5 29. exd5 Nxd5 30. Rd1 Nb6 31. Rd4 cxb3 32. cxb3 Raa8 33. h4 gxh4 34. Rg4+ Kh8 35. Nd6 Rf8 36. Nf7+ Rxf7 37. exf7 Qxf7 38. Re1 Rd8 39. Rxh4 Nd7 40. Qh5 Qg8 41. Re7 Nf8 42. Qf7 Qxf7 43. Rxf7 Kg8 44. Rxb7 Rd1+ 45. Kf2 Rd5 46. Rg4+ Kh8 47. Rb8 1-0

[Event "GER-chT U14 Girls"]
[Site "Neumuenster"]
[Date "2019.12.30"]
[Round "7.3"]
[White "Mueller, Helene"]
[Black "Zoellner, Bente"]
[Result "0-1"]
[WhiteElo "1545"]
[BlackElo "1630"]
[PlyCount "76"]
[EventDate "2019.12.27"]
[EventType "team-swiss"]
[EventRounds "7"]
[EventCountry "GER"]
[SourceTitle "CBM 194 Extra"]
[Source "ChessBase"]
[SourceDate "2020.03.31"]
[SourceVersion "1"]
[SourceVersionDate "2020.03.31"]
[SourceQuality "1"]
[WhiteTeam "Lichtenberg Borussia"]
[BlackTeam "Papenburg"]
[WhiteTeamCountry "GER"]
[BlackTeamCountry "GER"]

1. d4 Nf6 2. Nf3 g6 3. g3 Bg7 4. Bg2 0-0 5. 0-0 d6 6. b3 Nbd7 7. Bb2 Rb8 8. Nc3 b6 9. Qd2 Bb7 10. Rad1 c5 11. dxc5 bxc5 12. Rfe1 Ne4 13. Nxe4 Bxb2 14. c3 Bxe4 15. Qxb2 Nf6 16. Qd2 Kg7 17. h4 Qc8 18. Ng5 Bxg2 19. Kxg2 Qc6+ 20. f3 h6 21. Nh3 a5 22. Qc2 a4 23. Rh1 Ng4 24. Rd3 axb3 25. axb3 Nf6 26. Nf4 c4 27. bxc4 Qxc4 28. Kh2 Rfc8 29. Re3 e5 30. Nh3 Nd5 31. Rd3 Nb4 32. Qd2 Nxd3 33. Qxd3 Qxd3 34. exd3 Rb2+ 35. Kg1 Rxc3 36. Nf2 Rc1+ 37. Kg2 Rxh1 38. Kxh1 Rxf2 0-1

[Event "GER-chT U14 Girls"]
[Site "Neumuenster"]
[Date "2019.12.28"]
[Round "3.2"]
[White "Zoellner, Bente"]
[Black "Oswald, Hannah"]
[Result "0-1"]
[WhiteElo "1630"]
[BlackElo "1647"]
[PlyCount "84"]
[EventDate "2019.12.27"]
[EventType "team-swiss"]
[EventRounds "7"]
[EventCountry "GER"]
[SourceTitle "CBM 194 Extra"]
[Source "ChessBase"]
[SourceDate "2020.03.31"]
[SourceVersion "1"]
[SourceVersionDate "2020.03.31"]
[SourceQuality "1"]
[WhiteTeam "Papenburg"]
[BlackTeam "Leipzig SG"]
[WhiteTeamCountry "GER"]
[BlackTeamCountry "GER"]

1. Nf3 Nf6 2. c4 e6 3. d4 d5 4. e3 dxc4 5. Bxc4 a6 6. Bb3 c5 7. 0-0 Nc6 8. Re1 Be7 9. Nc3 b5 10. d5 exd5 11. Nxd5 c4 12. Nxe7 Qxe7 13. Bc2 Bg4 14. h3 Bh5 15. g4 Bg6 16. Nd4 Bxc2 17. Qxc2 Nxd4 18. Qc3 Nf3+ 19. Kf1 Nxe1 20. Kxe1 0-0 21. b3 Ne4 22. Qc2 Qb4+ 23. Ke2 Qc3 24. Qxc3 Nxc3+ 25. Kf3 Nd5 26. bxc4 bxc4 27. Ba3 Rfe8 28. Rc1 Rac8 29. g5 c3 30. h4 c2 31. h5 a5 32. g6 Nb4 33. Bxb4 axb4 34. gxh7+ Kxh7 35. Ke2 Re5 36. h6 Ra5 37. hxg7 Kxg7 38. Rg1+ Kf8 39. Kd2 Rxa2 40. Rc1 b3 41. f4 b2 42. Rxc2 b1Q 0-1

[Event "GER-chT U14 Girls"]
[Site "Neumuenster"]
[Date "2019.12.27"]
[Round "2.3"]
[White "Mai, Mariella"]
[Black "Zoellner, Bente"]
[Result "0-1"]
[WhiteElo "1232"]
[BlackElo "1630"]
[PlyCount "78"]
[EventDate "2019.12.27"]
[EventType "team-swiss"]
[EventRounds "7"]
[EventCountry "GER"]
[SourceTitle "CBM 194 Extra"]
[Source "ChessBase"]
[SourceDate "2020.03.31"]
[SourceVersion "1"]
[SourceVersionDate "2020.03.31"]
[SourceQuality "1"]
[WhiteTeam "Priestewitz"]
[BlackTeam "Papenburg"]
[WhiteTeamCountry "GER"]
[BlackTeamCountry "GER"]

1. f4 c5 2. e4 Nc6 3. Nf3 g6 4. d4 cxd4 5. Nxd4 Bg7 6. Nxc6 bxc6 7. Be2 Nf6 8. e5 Nd5 9. Bf3 Bb7 10. c4 Nb6 11. b3 d6 12. Bb2 Nd7 13. Qe2 dxe5 14. fxe5 Nxe5 15. Bxe5 Qa5+ 16. Nd2 Bxe5 17. Rb1 Bf6 18. 0-0 Qxa2 19. Bxc6+ Bxc6 20. Rxf6 Bd7 21. Re1 0-0 22. Rf2 Be6 23. Qf3 Rab8 24. Qg3 Rfc8 25. Qh4 Rd8 26. Qh6 Qb2 27. Ne4 Qg7 28. Qh4 Rxb3 29. Nc5 Rb6 30. Qxe7 Qf8 31. Qg5 Bxc4 32. Ne4 Re6 33. Qh4 Kg7 34. Rf6 Rde8 35. Rxe6 Rxe6 36. Ng5 Qc5+ 37. Kh1 Qxg5 38. Qd4+ Qf6 39. Qd1 Rxe1+ 0-1